Imiona na Ł - Statystyki

Ogólne statystyki
  • Ten quiz został rozwiązany 30 razy
  • Średni wynik to 3 z 6
Statystyki odpowiedzi
Hint Odpowiedź % Poprawnych
ż Łucja
100%
m Łukasz
100%
m Łucjan
52%
m Łazarz
33%
ż Łucjana
19%
m Łucjusz
15%
Nie znaleziono quizów pasujących do podanych kryteriów
Rozkład punktacji
Procent ludzi z każdym wynikiem
Percentyl według liczby udzielonych odpowiedzi
Twoja historia wyników
Nie rozwiązałeś tego quizu